|
|
|
|
| LEADER |
01600nam a2200325 a 4500 |
| 001 |
0020214 |
| 003 |
BD-DhAAL |
| 008 |
010516s2000 maua b 001 0 eng d |
| 010 |
|
|
|a \\\99052312
|
| 020 |
|
|
|a 0890065306 (alk. paper)
|
| 040 |
|
|
|a DLC
|c DLC
|d DLC
|d BD-DhAAL
|
| 082 |
0 |
0 |
|a 621.3845
|2 21
|
| 100 |
1 |
|
|a Nee, Richard van.
|9 58906
|
| 245 |
1 |
0 |
|a OFDM for wireless multimedia communications /
|c Richard van Nee, Ramjee Prasad.
|
| 260 |
|
|
|a Boston :
|b Artech House,
|c 2000.
|
| 300 |
|
|
|a xvii, 260 p. :
|b ill. ;
|c 24 cm
|
| 490 |
0 |
|
|a Artech House universal personal communications series.
|
| 504 |
|
|
|a Includes bibliographical references and index.
|
| 526 |
|
|
|a EEE
|x Md Sayeed Salam
Department of Electrical and Electronic Engineering
BRAC University
Course Name : Cellular Mobile Communication (EEE 511)
|
| 541 |
1 |
|
|e 0020214
|a Trim Education
|
| 650 |
|
0 |
|a Wireless communication systems.
|
| 650 |
|
0 |
|a Multimedia systems.
|
| 650 |
|
0 |
|a Orthogonal frequency division multiplexing.
|
| 650 |
|
0 |
|a Orthogonalization methods.
|9 31039
|
| 700 |
1 |
|
|a Prasad, Ramjee.
|9 58907
|
| 830 |
|
|
|a Artech House universal personal communications series
|9 58905
|
| 852 |
4 |
|
|a Ayesha Abed Library
|c General Stacks
|
| 942 |
|
|
|2 ddc
|c BK
|
| 999 |
|
|
|c 8583
|d 8583
|
| 952 |
|
|
|0 0
|1 0
|2 ddc
|4 0
|6 621_384500000000000_NEE_2000
|7 0
|9 10210
|a BRACUL
|b BRACUL
|c GEN
|d 2010-05-16
|e Trim Education
|g 10795.00
|l 0
|o 621.3845 NEE
|p 3010020214
|r 2026-05-11
|t 1
|v 21590.00
|w 2010-05-16
|y BK
|x Requisitioned by Md Sayeed Salam (Department of Electrical and Electronic Engineering, BRAC University) for the course named- "Cellular Mobile Communication (EEE 511)"
|